000 00559nam a22001457a 4500
005 20150202142316.0
008 150202b xxu||||| |||| 00| 0 eng d
050 _aHF 5415.335
_b.F363 2013
100 _aFernandez, Mark.
245 _aThe level of customer satisfaction in Yhoy grill, BF resort, Las Piñas for AY 2013-2014 /
_cMark Fernandez.
260 _aPhilippines, Las Piñas City :
_bSouthville International School and Colleges,
_cc2013.
300 _a29 pages :
_billustrations ;
_c28 cm.
521 _aBusiness Administration
942 _2lcc
_cTH
_kLOC
999 _c282515
_d282515